000 00458nam a2200169Ia 4500
008 230917s9999||||xx |||||||||||||| ||und||
020 _cRS973
040 _e216021
_aMAIN
041 _aEnglish
082 _a801.95 A46N:P
100 _aNewman, John Henry
245 0 _aPoetry, with reference to Aristotle`s poetics
260 _aBoston
_bGinn Publishers
_c1891
300 _a36 p.
500 _a1539 07/05/2014 KB165 09/08/2014 Main Budget
942 _cBK
999 _c11340
_d11340